All Cities Challenge: Birmingham, AL MSA Quiz Stats

Quiz not verified by Sporcle

Challenge
Share
Tweet
Embed
Score 0/91 Timer 13:00
0 Plays Today
Population (2015 est.) Place % Correct
0
[496]
Garden City (partial)
100%
212,461Birmingham
90.7%
84,848Hoover
86.7%
26,730Bessemer
74.7%
20,691Mountain Brook
74.7%
34,174Vestavia Hills
72%
25,708Homewood
70.7%
21,023Trussville
70.7%
13,711Gardendale
68%
32,707Alabaster
66.7%
22,885Pelham
65.3%
11,936Leeds
64%
12,423Irondale
62.7%
10,907Fairfield
62.7%
9,048Fultondale
62.7%
18,264Helena
61.3%
14,071Jasper
61.3%
13,646Pell City
61.3%
16,655Center Point
60%
15,710Hueytown
60%
12,059Chelsea
60%
6,210Tarrant
60%
10,260Pleasant Grove
58.7%
8,844Clanton
57.3%
6,615Oneonta
57.3%
5,222Midfield
57.3%
4,168Columbiana
56%
3,199Warrior
56%
13,213Calera
54.7%
7,438Pinson
54.7%
6,648Montevallo
54.7%
Population (2015 est.) Place % Correct
9,655Clay
53.3%
2,892Kimberly
53.3%
12,593Moody
50.7%
4,196Argo
49.3%
2,862Brighton
49.3%
2,704Centreville
49.3%
2,256Ashville
49.3%
2,096Graysville
49.3%
4,400Adamsville
48%
2,120Vincent
46.7%
2,619Jemison
44%
4,198Springville
42.7%
336West Jefferson
42.7%
4,898Brent
41.3%
4,554Margaret
41.3%
3,695Odenville
41.3%
1,261West Blocton
41.3%
2,523Indian Springs Village
40%
2,028Cordova
40%
1,960Dora
40%
819Mulga
40%
2,155Lipscomb
38.7%
1,697Blountsville
38.7%
1,524Sylvan Springs
38.7%
1,975Carbon Hill
37.3%
1,682Ragland
37.3%
1,315Cleveland
37.3%
2,418Sumiton
36%
48
[1,513]
Vance (partial)
36%
1,934Morris
34.7%
1,681Harpersville
34.7%
Population (2015 est.) Place % Correct
30
[924]
Altoona (partial)
34.7%
345Nectar
33.3%
1,329Brookside
32%
221Kansas
32%
2,300Riverside
30.7%
628Allgood
30.7%
261County
30.7%
1,980Wilsonville
29.3%
1,440
[1,513]
Woodstock (partial)
29.3%
1,341Hayden
29.3%
142North Johns
29.3%
1,473Westover
28%
1,192Locust Fork
28%
770Susan Moore
28%
1,078Steele
26.7%
634Trafford
26.7%
54Cardiff
26.7%
2,044Thorsby
25.3%
128Eldridge
25.3%
963Parrish
24%
212
[213]
Nauvoo (partial)
24%
843Snead
22.7%
374Maytown
21.3%
319Rosa
20%
760Oakman
18.7%
704Maplesville
17.3%
424Highland Lake
17.3%
687Wilton
16%
426Sipsey
12%

You're not logged in!

Compare scores with friends on all Sporcle quizzes.
Sign Up with Email
OR
Log In

You Might Also Like...

Show Comments

Extras

Top Quizzes Today


Score Distribution

Your Account Isn't Verified!

In order to create a playlist on Sporcle, you need to verify the email address you used during registration. Go to your Sporcle Settings to finish the process.

Report this User

Report this user for behavior that violates our Community Guidelines.

Details: